000 01962nam0a2200361 4500
001 RU\NLR\BIBL_A\012908962
005 20230202115059.0
010 _a978-5-9973-6370-3
_920
021 _aRU
_bКН-П-22-056496
_9КН-П-22-4899
035 _a(NLR Aleph) 012908962
035 _a(RuMoRGB)011186635
090 _a12607883
_c12607883
100 _a20221013d2022 k y0rusy50 ca
101 0 _arus
102 _aRU
105 _aa z 000zy
181 0 _ai
_baxxe
182 0 _an
200 1 _aСложности протестантизма в рамках сохранения культуры и межконфессионального диалога
_fА. Е. Гапанюк, М. А. Андреев
203 _aТекст
_bвизуальный
_cнепосредственный
210 _aМосква
_cСпутник+
_d2022
215 _a126 с.
_cил.
_d21
320 _aБиблиогр.: с. 66-76 и в подстроч. примеч.
330 _aДанная работа посвящена тематике протестантизма. Это направление христианства изучено еще недостаточно. В книге авторы обращаются к проблематике богословия, культуры и традиции. Рассматриваются в первую очередь основные направления протестантизма
606 1 _aПротестантизм
_2nlr_sh1
_2nlr_sh2
_3RU\NLR\AUTH\6655859
686 2 _aЭ376,0
700 1 _aГапанюк
_bА. Е.
_f1986-
_gАнтон Евгеньевич
_3RU\NLR\AUTH\770253221
701 1 _aАндреев
_bМ. А.
_cспециалист по звонарному искусству
_f1991-
_gМихаил Андреевич
_3RU\NLR\AUTH\770251771
942 _cBOOK
980 _aNB